000 00433nam a22001457a 4500
999 _c15341
_d15341
082 _a631.37
_bSAT/DE
100 _aSATYAJITH MATHEW
_93015
245 _aDesign, fabrication and testing of a savonius type windmill with a deflector augmentor
260 _aTavanur
_bKelappaji College of Agricultural Engineering and Technology
_c1989
300 _a79
500 _athesis
520 _athesis
650 _athesis
_92982
942 _cTH